Countries of the Mediterranean - Statistics

General Stats
  • This quiz has been taken 22 times
  • The average score is 19 of 21
Answer Stats
Countries % Correct
Spain
100%
Albania
95%
Croatia
95%
France
95%
Greece
95%
Italy
95%
Montenegro
95%
Turkey
95%
Algeria
90%
Bosnia and Herzegovina
90%
Cyprus
90%
Egypt
90%
Libya
90%
Malta
90%
Monaco
90%
Morocco
90%
Tunisia
90%
Israel
85%
Lebanon
80%
Syria
80%
Slovenia
75%
No matching quizzes found
Score Distribution
Percent of People with Each Score
Percentile by Number Answered
Your Score History
You have not taken this quiz